000 01101nam a2200217Ia 4500
003 Ost
005 20260416102356.0
008 260416s9999||||xx |||||||||||||| ||und||
040 _cfsecg
041 _aara
082 _a4
100 _aعلي، حسين
_eمؤلف
245 0 _aإعلام آلي 1 :
_bمطبوعة موجهة لطلبة السنة الاولى جذع مشترك LMD /
_cعلي حسين
260 _aالجزائر
_bجامعة الجزائر3: كلية العلوم الإقتصادية، العلوم التجارية وعلوم التسيير
_c2021
300 _a108 ورقة
_bايضاحات
_c30 سم
504 _aمراجع ص.108
520 _aمدخل الى الحاسب الآلي، المكونات المادية و البرمجية Hardware et Software ، الانظمة العددية ، البوابات المنطقية البسيطة.
653 _aالاعلام الآلي
710 _aجامعة الجزائر3: كلية العلوم الإقتصادية، العلوم التجارية وعلوم التسيير
_eناشر علمي
942 _cHANDOUT
999 _c41210
_d41210